000 00762nam a2200253Ia 4500
003 OSt
005 20220918171636.0
006 a|||||r|||| 00| 0
007 ta
008 220917b |||||||| |||| 00| 0 eng d
020 _a9788121511964 (hbk)
_c650
024 _a236,722
037 _b1956, 23/10/2008, Vidyanidhi Prakashan
_cTextual
040 _aARTS
_cARTS
_beng
041 _2eng
_aeng
082 _aR694, P8
100 _aPandit Moti Lal
_96773
245 0 _aBuddhist view of knowledge and reality
260 _aNew Delhi
_bMunshiram Manoharlal India
_c2008
300 _axx, 314p.
_ccm.
650 _aPHILOSOPHY
942 _hR694, P8
_cTEXL
_2CC
999 _c140642
_d140642